Normal view
MARC view
Entry Personal Name
001 - CONTROL NUMBER
- control field: 1599
003 - CONTROL NUMBER IDENTIFIER
- control field: OSt
005 - DATE AND TIME OF LATEST TRANSACTION
- control field: 20110426091243.0
008 - FIXED-LENGTH DATA ELEMENTS
- fixed length control field: 110426|||a|||||| | ||| d
040 ## - CATALOGING SOURCE
- Original cataloging agency: OSt
- Transcribing agency: OSt
100 ## - HEADING--PERSONAL NAME
- Personal name: Birds, John.
- Title of a work: Modern insurance law.
670 ## - SOURCE DATA FOUND
- Source citation: Work cat.: (OSt)0: Birds, John. 1584, Birds' modern insurance law /, 2007.
